000 00721nam a22001937a 4500
008 161116b xxu||||| |||| 00| 0 eng d
020 _a978-971-23-7836-2
082 _22016
_aDFil 028.70711
_bZ18m
100 _917506
_aZarate, Maria Jovita E.
_eauthor.
245 _aMedia and information literacy/
_cMaria Jovita E. Zarate.
250 _aFirst edition.
260 _aSampaloc, Manila:
_bRex Book Store,
_cc2016.
300 _avi, 141 pages;
_c25 cm.
500 _aIncludes bibliographical references and index.
650 0 _917510
_a Information literacy
_xStudy and teaching.
650 0 _917511
_aMedia literacy.
650 0 _917512
_aElectronic information resource literacy
_xStudy and teaching.
942 _2ddc
_cDFIL
999 _c5713
_d5713